Cal's General Knowledge Quiz #1 - Statistics

General Stats
  • This quiz has been taken 23 times
  • The average score is 7 of 11
Answer Stats
Hint Answer % Correct
What is the largest living bird in the world? Ostrich
94%
What is the surname of the first president of the United States of America? Washington
94%
Which Polynesian island is famed for its carved human figures with oversized heads? Easter Island
89%
What is the currency of the Russian Federation? Ruble
89%
What is the first name of the playwright and poet who wrote the novel ‘The picture of Dorian Gray’? Oscar
72%
Which Japanese video games company was founded in 1889 and originally produced gaming cards? Nintendo
61%
What is the name of the hit television show starring Kit Harrington and Emilia Clarke which first aired in 2011? Game of Thrones
50%
Which band had top 10 singles with the songs ‘Paradise City’ and ‘Welcome to the Jungle’? Guns N Roses
50%
What is the largest moon of Saturn? Titan
50%
The study of the origin and history of words is called what? Etymology
44%
Bonus Question: The first letter of each answer is an anagram of which capital city? Georgetown
6%
No matching quizzes found
Score Distribution
Percent of People with Each Score
Percentile by Number Answered
Your Score History
You have not taken this quiz